Un medallón para osiris /

Guardado en:
Autor Principal: Schlaen, Carlos
Formato: Libro
Publicado: Buenos Aires : Alfaguara, 2005
Series:Infantil-juvenil
Materias:
Etiquetas: Agregar Etiqueta
Sin Etiquetas, Sea el primero en etiquetar este registro!
LEADER 00661nam a22002415a 4500
001 CEM.cems011563
005 20101213115956.0
008 130507s2005##################000#0#####d
003 CEMS
020 |a 987040135X 
082 0 4 |a A863.4 
100 1 |a Schlaen, Carlos 
245 1 0 |a Un medallón para osiris /  |c Carlos Schlaen 
260 |a Buenos Aires :  |b Alfaguara,  |c 2005 
300 |a 119 p. 
490 0 |a Infantil-juvenil 
500 |a Desde 12 años 
653 |a Literatura 
653 |a Literatura argentina 
653 |a Novelas 
653 |a Novelas argentina 
653 |a Novela juvenil 
859 |a CEMS  |b BIB. CEMS - 11 de abril  |h A863.4  |i Sch36-2  |p 22515.04  |t Ej.1